Developing language skills in the elementary schools
Gorde:
| Egile nagusia: | |
|---|---|
| Formatua: | Liburua |
| Hizkuntza: | Undetermined |
| Argitaratua: |
New York, Estados Unidos
Allyn and Bacon
1973
|
| Edizioa: | 4 |
| Gaiak: | |
| Etiketak: |
Etiketa erantsi
Etiketarik gabe, Izan zaitez lehena erregistro honi etiketa jartzen!
|
MARC
| LEADER | 00000nam a2200000Ia 4500 | ||
|---|---|---|---|
| 008 | 170316s9999 xx 000 0 und d | ||
| 090 | |a 410 G-16d | ||
| 100 | |a Greene, Harry A. | ||
| 245 | |a Developing language skills in the elementary schools | ||
| 250 | |a 4 | ||
| 260 | |a New York, Estados Unidos | ||
| 260 | |b Allyn and Bacon | ||
| 260 | |c 1973 | ||
| 300 | |a 571 páginas | ||
| 650 | |a LINGÜÍSTICA | ||
| 999 | |c 18403 |d 18403 | ||
| 040 | |a cru BVZT | ||
| 942 | |c 15 D |h 410 G-16d |2 z | ||
